| 000 | 00929cam a2200253 a 4500 | ||
|---|---|---|---|
| 999 |
_c3931 _d3931 |
||
| 001 | 5023 | ||
| 003 | BD-DhUAP | ||
| 005 | 20200315144716.0 | ||
| 008 | 200315s20061992bg abf b f000 0 eng | ||
| 020 | _a0135201071 | ||
| 040 |
_aBD-DhUAP _cBD-DhUAP _dBD-DhUAP _bEng |
||
| 082 |
_a428.24 POL _223 |
||
| 100 | _aPollock, Carroll Washington. | ||
| 245 |
_aCommunicate what you mean : _ba concise advanced grammar / _cCarroll Washington Pollock ; revised by Samuela Eckstut-Didier |
||
| 250 | _a2nd ed. | ||
| 260 |
_aNew York, N.Y. : _bPrentice, _c©1997. |
||
| 300 |
_aviii, 311 pages : _billustrations ; _c24 cm. |
||
| 504 | _aIncludes bibliographical references and index. | ||
| 650 | _aEnglish language -- Textbooks for foreign speakers | ||
| 650 | _aEnglish language -- Grammar -- Problems, exercises, etc. | ||
| 700 | _aEckstut-Didier, Samuela | ||
| 942 |
_2ddc _cBK |
||